[Event "Teplice Open 2019"]
[Site "Teplice"]
[Date "2019.06.22"]
[Round "8.7"]
[White "Demchenko, Anton"]
[Black "Janik, Igor"]
[Result "1-0"]
[WhiteElo "2671"]
[BlackElo "2483"]
[Annotator "TA"]
[PlyCount "79"]
[EventDate "2019.06.15"]
[EventType "swiss"]
[EventCountry "CZE"]
[SourceTitle "playchess.com"]
[Source "ChessBase"]
[SourceQuality "1"]

{[%evp 10,79,41,26,28,13,13,10,15,16,15,10,9,10,6,6,53,58,61,28,65,45,52,50,72,80,93,79,75,56,55,47,61,54,67,64,72,72,66,32,31,0,7,5,95,75,91,83,97,0,0,0,0,0,0,0,0,0,0,0,41,49,300,314,651,152,152,152,363,336,1529,1416]} 1. e4 c6 2. d4 d5 3. exd5 cxd5 4. Bd3 Nc6 5. c3 g6 6. Nf3 Bf5 {B13: Caro-Kann: Exchange Variation and Panov-Botvinnik Attack} (6... Nh6 7. O-O Bf5 8. Re1 Bxd3 9. Qxd3 Bg7 10. Bf4 O-O 11. Nbd2 Nf5 12. Re2 Re8 13. Rae1 e6 14. h3 Rc8 15. g4 Nd6 16. h4 h6 17. Qe3 {½-½ (17) Nisipeanu,L (2670)-Piorun,K (2631) Skopje 2019}) 7. O-O Bxd3 8. Qxd3 Bg7 {The position is equal.} 9. Re1 Nf6 10. Bf4 O-O 11. Nbd2 {[%cal Bb1d2,Bd2b3,Bb3c5][%mdl 32]} Nh5 12. Be3 f5 $146 ({Predecessor:} 12... Qd6 13. Nb3 Rac8 14. Qd2 b6 15. Bh6 Nf6 16. Bxg7 Kxg7 {½-½ (33) Dubansky,B (2169)-Hosek,M (2260) Czechia 1999}) 13. Nb3 Qd6 14. a4 e6 15. a5 Rf7 16. Qb5 h6 17. Nc5 Rb8 18. Nd3 g5 19. Nfe5 Bxe5 20. dxe5 Qd7 21. Bc5 a6 22. Qa4 Rg7 23. Bd6 Rc8 24. b4 Nf4 25. Nc5 Qf7 26. b5 axb5 (26... Na7 $11 27. bxa6 bxa6 28. Nxa6 Qh5) 27. Qxb5 $16 Qh5 28. Kh1 d4 29. a6 ({Better is} 29. Ra3 $16) 29... b6 $11 30. Qxb6 {a7 is the strong threat.} dxc3 31. Qb3 Qg4 {[%csl Gf4][%cal Rg4g2]} 32. Rg1 Nd4 33. Qxc3 Nde2 34. Qb3 Nxg1 35. Rxg1 Re8 $2 {[%mdl 8192] [#]} (35... Kh8 $14) 36. Bb8 $1 $18 Ne2 $2 (36... Qe2 37. a7 Rxa7) 37. Rb1 $2 (37. a7 $18 {is more deadly.} Rxa7 38. Bxa7 Nxg1 39. Nd7 (39. Kxg1 Qd4 $15)) 37... Nf4 $16 {[%csl Gf4][%cal Rg4g2] [#]} 38. Qf3 $1 {[%cal Rf3g4][%mdl 1024] White has strong compensation.} Nd5 $2 (38... Qxf3 $16 39. gxf3 Ree7) 39. a7 Nc7 $2 (39... Qxf3 40. gxf3 Rxa7) 40. Qc6 {Accuracy: White = 60%, Black = 33%.} 1-0

[Event "Teplice Open 2019"]
[Site "Teplice"]
[Date "2019.06.22"]
[Round "8.8"]
[White "Tari, Aryan"]
[Black "Kraus, Tomas"]
[Result "1-0"]
[WhiteElo "2623"]
[BlackElo "2479"]
[Annotator "TA"]
[PlyCount "133"]
[EventDate "2019.06.15"]
[EventType "swiss"]
[EventCountry "CZE"]
[SourceTitle "playchess.com"]
[Source "ChessBase"]
[SourceQuality "1"]

{[%evp 19,133,16,16,12,6,2,22,27,27,20,41,34,39,31,50,50,49,44,51,20,59,51,51,51,43,43,43,43,76,43,64,50,95,60,51,31,86,70,79,0,43,43,43,43,99,22,39,13,20,0,37,34,50,0,36,33,46,22,38,0,0,0,0,0,0,0,0,-27,-31,-54,-32,-20,-20,-29,-11,-8,-10,-89,0,0,106,106,672,106,106,106,106,106,106,106,106,110,111,102,110,108,93,97,104,99,104,104,112,99,613,578,537,529,522,506,760,727,1160,1210,577,566]} 1. e4 c5 2. Nf3 Nc6 3. Bb5 d6 4. O-O Bd7 5. Re1 Nf6 6. c3 a6 7. Bf1 Bg4 8. h3 Bxf3 9. Qxf3 g6 10. Qd1 Bh6 11. a4 {[%cal Ba2a4,Ba4a5][%mdl 32] B51: Sicilian: Moscow Variation (3 Bb5+) without 3...Bd7} (11. b3 O-O 12. Bb2 Rc8 13. Na3 Qc7 14. Nc2 d5 15. exd5 Nxd5 16. c4 Nf4 17. d4 cxd4 18. Nxd4 Rcd8 19. Nxc6 Qxc6 {0-1 (64) Nepomniachtchi,I (2721)-Vachier Lagrave,M (2745) Beijing 2013}) 11... O-O 12. Na3 e5 $146 ({Predecessor:} 12... Rc8 13. g3 Nd7 14. Nc2 Na5 15. b4 Nb3 16. Rb1 Nxc1 17. Rxc1 cxb4 18. Nxb4 e6 {0-1 (44) Shimanov,A (2597)-Timofeev,A (2600) Khanty-Mansiysk 2012}) 13. Nc4 {The position is equal.} Qc7 14. Qf3 Bg7 15. a5 Rad8 16. d3 {And now Bg5 would win.} d5 17. exd5 Nxd5 18. g3 f5 19. Bg2 (19. Bg5 $5 {[%cal Rg5d8]}) 19... Rfe8 20. h4 Qf7 21. Qe2 h6 22. Bd2 Kh7 23. Rad1 Rd7 24. Qf1 (24. h5 $5) 24... Red8 25. Bf3 Bf6 26. Bc1 Bg7 27. Rd2 Re8 (27... Nde7 $14) 28. Bd1 $16 Nc7 29. Bf3 Nd5 30. Qe2 Rdd8 31. Rdd1 Rd7 ({Better is} 31... Kh8 $14) 32. Qc2 (32. h5 $1 $16) 32... Red8 33. Qa4 Nde7 34. Be2 Nd5 35. Bf1 Bf6 36. Qa3 Qf8 37. Bg2 Kg7 38. h5 gxh5 39. Bxd5 (39. Bh3 {seems wilder.} Nde7 40. Qxc5 h4 41. Qe3 hxg3 42. Qxg3+ Kh7 43. Qf3) 39... Rxd5 40. Ne3 Rxd3 41. Nxf5+ Kg6 42. Rxd3 Rxd3 43. Ne3 {[#]} (43. Qa4 $5 {[%cal Ra4e4]} Bg5 44. Bxg5 hxg5 45. Ne3 $15) 43... Nd4 $1 {[%mdl 576] ...Qe8 is the strong threat. Pin} 44. Qa4 (44. cxd4 Rxa3) 44... Nf3+ {[%mdl 64] Double Attack} 45. Kf1 {Hoping for Qe4+.} Nxe1 46. Qe4+ $1 Kf7 47. Qxb7+ Qe7 48. Qe4 (48. Qxa6 $11 Qe6 49. Qb5) 48... Qd6 ({Black should play} 48... Rd8 $17 49. Kxe1 Qd7) 49. Kxe1 $11 Bg5 {[#]} (49... Qd7 $1 $11 {remains equal.}) 50. Nc4 $1 $36 {[%cal Rc4d6][%mdl 2048] Black is under strong pressure.} Rd1+ {[%mdl 64] Double Attack} 51. Ke2 Qd5 52. Nxe5+ Ke7 53. Qh7+ Kd8 54. Bxg5+ hxg5 {[#]} 55. Nc6+ $1 {[%mdl 512]} Qxc6 56. Kxd1 {[%mdl 4096] Endgame KQ-KQ} Qh1+ {[#]} 57. Ke2 $1 {aiming for Qg8+.} h4 58. Qg8+ Kd7 59. Qf7+ Kd6 60. Qf6+ Kd7 61. Qf3 ({Reject} 61. Qxa6 $6 Qe4+ 62. Kd1 Qb1+ 63. Ke2 Qe4+ 64. Kd1 Qb1+ 65. Ke2 Qe4+ $11) 61... Qh2 $2 {[%mdl 8192]} (61... Qxf3+ 62. Kxf3 h3 63. g4 $18) (61... Qc1 $16) 62. Qd5+ {White is clearly winning.} Ke8 63. Qe6+ Kd8 64. Qxa6 {Black must now prevent Qd6+.} Qg2 (64... Qh1 $142 65. Qd6+ Kc8 66. Qxc5+ {[%mdl 64] Double Attack} Kb8 67. Qb6+ Kc8 68. Qe6+ Kb8 69. Qe5+ Kb7 70. Qb5+ Kc8 71. Qe8+ Kb7 72. Qb5+ Ka7 73. Qc5+ Ka8 74. Qc8+ Ka7 75. Qc7+ Ka8 76. Qd8+ Ka7 77. Qb6+ Ka8 78. Qa6+ Kb8 79. Qd6+ Kb7 80. Qe7+ Kb8 81. Qe8+ Kc7 82. Qe7+ Kb8 83. Qf8+ Ka7 84. Qc5+ {[%mdl 64] Double Attack} Ka8 85. Qc8+ Ka7 86. Qc5+ {[%mdl 64] Double Attack}) 65. Qd6+ $18 Ke8 66. Qe6+ Kd8 67. gxh4 {Accuracy: White = 69%, Black = 43%.} 1-0

[Event "Teplice Open 2019"]
[Site "Teplice"]
[Date "2019.06.22"]
[Round "8.9"]
[White "Lagarde, Maxime"]
[Black "Blohberger, Felix"]
[Result "1-0"]
[WhiteElo "2599"]
[BlackElo "2475"]
[Annotator "RC"]
[PlyCount "79"]
[EventDate "2019.06.15"]
[EventType "swiss"]
[EventCountry "CZE"]
[SourceTitle "playchess.com"]
[Source "ChessBase"]
[SourceQuality "1"]
[TimeControl "40/5400+30:1800+30"]

1. e4 {[%emt 0:00:58]} c5 {[%emt 0:00:00]} 2. Nc3 {[%emt 0:00:55]} d6 {[%emt 0:00:02]} 3. Nge2 {[%emt 0:01:34]} Nf6 {[%emt 0:00:36]} 4. g3 {[%emt 0:02:15]} Nc6 {[%emt 0:00:29]} 5. Bg2 {[%emt 0:00:57]} g6 {[%emt 0:00:52]} 6. d4 {[%emt 0:02:48]} cxd4 {[%emt 0:00:24]} 7. Nxd4 {[%emt 0:00:05]} Nxd4 {[%emt 0:01:00]} 8. Qxd4 {[%emt 0:00:16]} Bg7 {[%emt 0:00:07]} 9. b3 {[%emt 0:08:23]} Be6 {[%emt 0:18:34]} 10. Bb2 {[%emt 0:01:04]} Qa5 {[%emt 0:04:21]} 11. Qa4+ {[%emt 0:05:54]} Qxa4 {[%emt 0:00:36]} 12. Nxa4 {[%emt 0:00:38]} O-O {[%emt 0:14:34]} 13. e5 {[%emt 0:00:45]} dxe5 {[%emt 0:04:29]} 14. Bxe5 {[%emt 0:00:24]} Bd5 {[%emt 0:02:38]} 15. Bxd5 {[%emt 0:00:35]} Nxd5 {[%emt 0:00:06]} 16. Bxg7 {[%emt 0:00:09]} Kxg7 {[%emt 0:00:04]} 17. O-O-O {[%emt 0:02:45]} Rfd8 {[%emt 0:01:16]} 18. Kb2 {[%emt 0:15:27]} Rac8 {[%emt 0:03:11]} 19. c4 {[%emt 0:02:32]} Nb4 {[%emt 0:03:19]} 20. f4 {[%emt 0:04:01]} e5 {[%emt 0:07:16]} 21. fxe5 {[%emt 0:02:13]} Nd3+ {[%emt 0:00:33]} 22. Kc3 {[%emt 0:00:45]} Nxe5 {[%emt 0:00:12]} 23. Rxd8 {[%emt 0:00:33]} Rxd8 {[%emt 0:00:08]} 24. Re1 {[%emt 0:00:25]} f6 {[%emt 0:09:26]} 25. Nc5 {[%emt 0:02:06]} Rb8 {[%emt 0:01:06]} 26. Nd7 {[%emt 0:09:39]} Nxd7 {[%emt 0:03:16]} 27. Re7+ {[%emt 0:00:06]} Kh6 {[%emt 0:00:05]} 28. Rxd7 {[%emt 0:00:05]} g5 {[%emt 0:00:12]} 29. c5 {[%emt 0:03:29]} Kg6 {[%emt 0:00:08]} 30. b4 {[%emt 0:08:21]} h5 {[%emt 0:01:34]} 31. Kd4 {[%emt 0:01:11]} Kf5 {[%emt 0:03:51]} 32. Kd5 {[%emt 0:00:25]} Kg4 {[%emt 0:00:37]} 33. Kd6 {[%emt 0:03:44]} Kh3 {[%emt 0:00:19]} 34. Kc7 {[%emt 0:00:11]} Rf8 {[%emt 0:04:24]} 35. Kxb7 {[%emt 0:00:13]} Kxh2 {[%emt 0:00:06]} 36. c6 {[%emt 0:00:24]} Kxg3 {[%emt 0:02:48]} 37. c7 {[%emt 0:00:18]} h4 {[%emt 0:00:35]} 38. c8=Q {[%emt 0:01:55]} Rxc8 {[%emt 0:00:06]} 39. Kxc8 {[%emt 0:00:03]} h3 {[%emt 0:01:47]} 40. Rxa7 {[%emt 0:00:56]} 1-0

[Event "Teplice Open 2019"]
[Site "Teplice"]
[Date "2019.06.22"]
[Round "8.10"]
[White "Hracek, Zbynek"]
[Black "Song, Raymond"]
[Result "1/2-1/2"]
[WhiteElo "2582"]
[BlackElo "2450"]
[Annotator "ChessBase"]
[PlyCount "84"]
[EventDate "2019.06.15"]
[EventType "swiss"]
[EventCountry "CZE"]
[SourceTitle "playchess.com"]
[Source "ChessBase"]
[SourceQuality "1"]
[TimeControl "40/5400+30:1800+30"]

1. e4 {[%emt 0:00:00]} c6 {[%emt 0:00:00]} 2. d4 {[%emt 0:00:00]} d5 {[%emt 0:00:00]} 3. Nc3 {[%emt 0:00:00]} dxe4 {[%emt 0:00:09]} 4. Nxe4 {[%emt 0:00:00]} Bf5 {[%emt 0:00:05]} 5. Bd3 {[%emt 0:00:06]} Qxd4 {[%emt 0:00:14]} 6. Nf3 {[%emt 0:00:06]} Qd5 {[%emt 0:02:45]} 7. c4 {[%emt 0:08:33]} Qa5+ {[%emt 0:03:07]} 8. Bd2 {[%emt 0:00:23]} Qc7 {[%emt 0:00:06]} 9. O-O {[%emt 0:03:27]} e6 {[%emt 0:01:02]} 10. Bc3 {[%emt 0:02:26]} Nd7 {[%emt 0:00:40]} 11. Neg5 {[%emt 0:09:46]} h6 {[%emt 0:11:24]} 12. Ne4 {[%emt 0:17:41]} Bxe4 {[%emt 0:07:41]} 13. Bxe4 {[%emt 0:01:12]} Ngf6 {[%emt 0:00:10]} 14. Bc2 {[%emt 0:00:07]} a5 {[%emt 0:00:30]} 15. a3 {[%emt 0:00:11]} Be7 {[%emt 0:00:41]} 16. Qe2 {[%emt 0:00:54]} a4 {[%emt 0:01:06]} 17. Rad1 {[%emt 0:01:05]} O-O {[%emt 0:00:45]} 18. Rd4 {[%emt 0:19:59]} Rfd8 {[%emt 0:02:01]} 19. g3 {[%emt 0:00:21]} c5 {[%emt 0:06:16]} 20. Rd3 {[%emt 0:13:17]} Nb6 {[%emt 0:02:01]} 21. Ne5 {[%emt 0:04:00]} Nbd7 {[%emt 0:09:44]} 22. Rfd1 {[%emt 0:01:38]} Nxe5 {[%emt 0:08:46]} 23. Bxe5 {[%emt 0:00:02]} Qc6 {[%emt 0:03:36]} 24. Rxd8+ {[%emt 0:00:32]} Rxd8 {[%emt 0:00:14]} 25. Rxd8+ {[%emt 0:00:21]} Bxd8 {[%emt 0:00:01]} 26. Qd1 {[%emt 0:00:14]} Be7 {[%emt 0:00:34]} 27. Bxa4 {[%emt 0:15:50]} Qe4 {[%emt 0:00:12]} 28. Bxf6 {[%emt 0:00:42]} Bxf6 {[%emt 0:00:07]} 29. Qc2 {[%emt 0:00:21]} Qe1+ {[%emt 0:01:35]} 30. Kg2 {[%emt 0:00:01]} Bd4 {[%emt 0:00:07]} 31. Bd7 {[%emt 0:01:07]} g5 {[%emt 0:00:36]} 32. Bc8 {[%emt 0:00:52]} b6 {[%emt 0:00:11]} 33. g4 {[%emt 0:00:37]} Qe5 {[%emt 0:00:30]} 34. Bb7 {[%emt 0:00:28]} Bxb2 {[%emt 0:01:20]} 35. a4 {[%emt 0:00:20]} Bd4 {[%emt 0:00:03]} 36. Qe4 {[%emt 0:00:35]} Qd6 {[%emt 0:00:19]} 37. Qc6 {[%emt 0:00:14]} Qf4 {[%emt 0:00:12]} 38. Qf3 {[%emt 0:00:27]} Qc1 {[%emt 0:00:02]} 39. Ba6 {[%emt 0:00:30]} Kg7 {[%emt 0:01:43]} 40. Bb5 {[%emt 0:00:05]} Qc2 {[%emt 0:00:33]} 41. h3 {[%emt 0:02:57]} Qd2 {[%emt 0:01:18]} 42. Be8 {[%emt 0:00:43]} Qf4 {[%emt 0:02:33]} 1/2-1/2

[Event "Teplice Open 2019"]
[Site "Teplice"]
[Date "2019.06.22"]
[Round "8.11"]
[White "Epishin, Vladimir"]
[Black "Krishna Teja, N."]
[Result "1-0"]
[WhiteElo "2564"]
[BlackElo "2357"]
[Annotator "ChessBase"]
[PlyCount "127"]
[EventDate "2019.06.15"]
[EventType "swiss"]
[EventCountry "CZE"]
[SourceTitle "playchess.com"]
[Source "ChessBase"]
[SourceQuality "1"]
[TimeControl "40/5400+30:1800+30"]

1. c4 {[%emt 0:00:00]} c5 {[%emt 0:15:28]} 2. Nf3 {[%emt 0:00:00]} Nf6 {[%emt 0:00:08]} 3. Nc3 {[%emt 0:00:31]} d5 {[%emt 0:00:34]} 4. cxd5 {[%emt 0:00:26]} Nxd5 {[%emt 0:00:03]} 5. g3 {[%emt 0:00:41]} g6 {[%emt 0:01:15]} 6. h4 {[%emt 0:00:16]} h6 {[%emt 0:02:08]} 7. Qb3 {[%emt 0:02:08]} Nb6 {[%emt 0:02:01]} 8. Ne4 {[%emt 0:01:41]} N8d7 {[%emt 0:02:42]} 9. h5 {[%emt 0:03:27]} g5 {[%emt 0:00:40]} 10. Qc3 {[%emt 0:00:20]} Rg8 {[%emt 0:06:00]} 11. Nxc5 {[%emt 0:10:26]} Bg7 {[%emt 0:00:13]} 12. Qa5 {[%emt 0:02:26]} Nxc5 {[%emt 0:11:21]} 13. Qxc5 {[%emt 0:00:10]} Bg4 {[%emt 0:00:36]} 14. Bg2 {[%emt 0:05:45]} Rc8 {[%emt 0:00:06]} 15. Qa3 {[%emt 0:01:47]} Rc2 {[%emt 0:03:36]} 16. O-O {[%emt 0:02:43]} a6 {[%emt 0:02:29]} 17. Ne1 {[%emt 0:14:31]} Rc7 {[%emt 0:06:08]} 18. Bf3 {[%emt 0:03:16]} Nc4 {[%emt 0:01:49]} 19. Qb4 {[%emt 0:02:14]} a5 {[%emt 0:02:36]} 20. Qb3 {[%emt 0:03:13]} Be6 {[%emt 0:00:27]} 21. Qa4+ {[%emt 0:00:22]} Bd7 {[%emt 0:00:23]} 22. Qd1 {[%emt 0:00:21]} b5 {[%emt 0:06:22]} 23. Rb1 {[%emt 0:01:12]} Ne5 {[%emt 0:00:07]} 24. Bg2 {[%emt 0:00:37]} Bg4 {[%emt 0:01:08]} 25. d3 {[%emt 0:00:34]} Bxh5 {[%emt 0:00:47]} 26. Bd2 {[%emt 0:00:03]} Rd7 {[%emt 0:02:33]} 27. Bc3 {[%emt 0:01:44]} Kf8 {[%emt 0:03:11]} 28. a3 {[%emt 0:01:08]} Qb6 {[%emt 0:02:40]} 29. Rc1 {[%emt 0:06:38]} Bf6 {[%emt 0:01:21]} 30. Qd2 {[%emt 0:03:38]} Nc4 {[%emt 0:05:39]} 31. Qc2 {[%emt 0:00:06]} Ne5 {[%emt 0:01:21]} 32. e3 {[%emt 0:06:28]} Kg7 {[%emt 0:04:18]} 33. d4 {[%emt 0:01:51]} Nc4 {[%emt 0:00:20]} 34. Nd3 {[%emt 0:00:08]} Bg6 {[%emt 0:01:02]} 35. Qe2 {[%emt 0:00:18]} Bxd3 {[%emt 0:02:36]} 36. Qxd3 {[%emt 0:02:51]} Rgd8 {[%emt 0:00:17]} 37. a4 {[%emt 0:03:52]} Rc7 {[%emt 0:03:06]} 38. b3 {[%emt 0:09:36]} Nd6 {[%emt 0:00:41]} 39. Qd2 {[%emt 0:03:02]} b4 {[%emt 0:03:25]} 40. Bb2 {[%emt 0:00:04]} Ne8 {[%emt 0:00:19]} 41. Rxc7 {[%emt 0:30:32]} Nxc7 {[%emt 0:30:02]} 42. Rc1 {[%emt 0:00:44]} Nd5 {[%emt 0:05:45]} 43. Rc5 {[%emt 0:01:26]} e6 {[%emt 0:01:30]} 44. Qc2 {[%emt 0:00:25]} Ne7 {[%emt 0:00:42]} 45. Be4 {[%emt 0:02:36]} Rd7 {[%emt 0:00:00]} 46. Qc4 {[%emt 0:00:00]} Ra7 {[%emt 0:00:00]} 47. Bc2 {[%emt 0:00:00]} Kf8 {[%emt 0:00:00]} 48. e4 {[%emt 0:00:00]} Ke8 {[%emt 0:00:00]} 49. Bc1 {[%emt 0:00:00]} Kd7 {[%emt 0:00:00]} 50. Be3 {[%emt 0:00:00]} Rc7 {[%emt 0:00:00]} 51. d5 {[%emt 0:00:00]} Rxc5 {[%emt 0:00:00]} 52. Bxc5 {[%emt 0:00:00]} Qb7 {[%emt 0:00:00]} 53. dxe6+ {[%emt 0:00:00]} fxe6 {[%emt 0:00:00]} 54. Bd4 {[%emt 0:00:00]} Bxd4 {[%emt 0:00:00]} 55. Qxd4+ {[%emt 0:00:00]} Ke8 {[%emt 0:00:00]} 56. Qh8+ {[%emt 0:00:00]} Kd7 {[%emt 0:00:00]} 57. Bd3 {[%emt 0:00:00]} Qb6 {[%emt 0:00:00]} 58. Bb5+ {[%emt 0:00:00]} Kd6 {[%emt 0:00:00]} 59. e5+ {[%emt 0:00:00]} Kd5 {[%emt 0:00:42]} 60. Bc4+ {[%emt 0:00:00]} Ke4 {[%emt 0:00:13]} 61. Qxh6 {[%emt 0:00:24]} Qd4 {[%emt 0:02:35]} 62. Qh7+ {[%emt 0:06:52]} Nf5 {[%emt 0:02:41]} 63. Bxe6 {[%emt 0:00:31]} Qxe5 {[%emt 0:00:07]} 64. Qg6 {[%emt 0:01:37]} 1-0

[Event "Teplice Open 2019"]
[Site "Teplice"]
[Date "2019.06.22"]
[Round "8.12"]
[White "Ankit, R. Rajpara"]
[Black "Dastan, Muhammed Batuhan"]
[Result "0-1"]
[WhiteElo "2447"]
[BlackElo "2561"]
[Annotator "ChessBase"]
[PlyCount "86"]
[EventDate "2019.06.15"]
[EventType "swiss"]
[EventCountry "CZE"]
[SourceTitle "playchess.com"]
[Source "ChessBase"]
[SourceQuality "1"]
[TimeControl "40/5400+30:1800+30"]

1. d4 {[%emt 0:00:00]} f5 {[%emt 0:00:00]} 2. g3 {[%emt 0:00:00]} Nf6 {[%emt 0:00:00]} 3. Bg2 {[%emt 0:00:00]} g6 {[%emt 0:00:00]} 4. Nf3 {[%emt 0:00:19]} Bg7 {[%emt 0:00:00]} 5. c4 {[%emt 0:00:13]} O-O {[%emt 0:00:00]} 6. O-O {[%emt 0:00:09]} d6 {[%emt 0:00:05]} 7. Nc3 {[%emt 0:00:11]} c6 {[%emt 0:00:04]} 8. b3 {[%emt 0:00:34]} Na6 {[%emt 0:00:07]} 9. Bb2 {[%emt 0:00:26]} Qe8 {[%emt 0:00:16]} 10. Re1 {[%emt 0:01:15]} e5 {[%emt 0:01:20]} 11. e4 {[%emt 0:17:29]} f4 {[%emt 0:01:12]} 12. Ba3 {[%emt 0:29:11]} fxg3 {[%emt 0:44:03]} 13. hxg3 {[%emt 0:00:40]} Bg4 {[%emt 0:07:29]} 14. Bxd6 {[%emt 0:07:26]} Nh5 {[%emt 0:00:05]} 15. Bxe5 {[%emt 0:17:22]} Bxe5 {[%emt 0:14:09]} 16. dxe5 {[%emt 0:00:05]} Nxg3 {[%emt 0:04:05]} 17. fxg3 {[%emt 0:06:16]} Bxf3 {[%emt 0:00:05]} 18. Bxf3 {[%emt 0:00:20]} Qxe5 {[%emt 0:00:04]} 19. Nd5 {[%emt 0:11:06]} cxd5 {[%emt 0:13:47]} 20. Kg2 {[%emt 0:00:25]} d4 {[%emt 0:00:14]} 21. a3 {[%emt 0:02:52]} Nc5 {[%emt 0:00:49]} 22. b4 {[%emt 0:01:01]} Ne6 {[%emt 0:00:23]} 23. Qd3 {[%emt 0:02:07]} Qg5 {[%emt 0:04:49]} 24. Kh2 {[%emt 0:00:48]} Qe5 {[%emt 0:03:25]} 25. Rf1 {[%emt 0:00:29]} h5 {[%emt 0:01:01]} 26. Kg2 {[%emt 0:01:43]} Qg5 {[%emt 0:01:27]} 27. Kh2 {[%emt 0:00:15]} h4 {[%emt 0:00:49]} 28. Bg2 {[%emt 0:00:19]} Qe5 {[%emt 0:01:04]} 29. Bh3 {[%emt 0:00:56]} Ng5 {[%emt 0:00:17]} 30. Bg2 {[%emt 0:00:09]} Kg7 {[%emt 0:00:17]} 31. Rad1 {[%emt 0:00:41]} hxg3+ {[%emt 0:00:20]} 32. Kg1 {[%emt 0:00:04]} Rxf1+ {[%emt 0:00:30]} 33. Rxf1 {[%emt 0:00:17]} Rh8 {[%emt 0:01:59]} 34. c5 {[%emt 0:00:24]} Ne6 {[%emt 0:00:46]} 35. Qb5 {[%emt 0:00:32]} Nf4 {[%emt 0:01:55]} 36. Qd7+ {[%emt 0:00:58]} Kh6 {[%emt 0:00:04]} 37. Qg4 {[%emt 0:00:28]} Rf8 {[%emt 0:00:13]} 38. b5 {[%emt 0:00:58]} d3 {[%emt 0:00:03]} 39. Kh1 {[%emt 0:00:30]} Kg7 {[%emt 0:01:34]} 40. Qd7+ {[%emt 0:00:28]} Rf7 {[%emt 0:00:12]} 41. Qg4 {[%emt 0:30:15]} Rf8 {[%emt 0:30:56]} 42. Qd7+ {[%emt 0:00:24]} Rf7 {[%emt 0:00:05]} 43. Qg4 {[%emt 0:00:00]} Qxc5 {[%emt 0:00:00]} 0-1

[Event "Teplice Open 2019"]
[Site "Teplice"]
[Date "2019.06.22"]
[Round "8.13"]
[White "Babula, Vlastimil"]
[Black "Kostolansky, Sebastian Lukas"]
[Result "1/2-1/2"]
[WhiteElo "2550"]
[BlackElo "2379"]
[Annotator "ChessBase"]
[PlyCount "60"]
[EventDate "2019.06.15"]
[EventType "swiss"]
[EventCountry "CZE"]
[SourceTitle "playchess.com"]
[Source "ChessBase"]
[SourceQuality "1"]
[TimeControl "40/5400+30:1800+30"]

1. d4 {[%emt 0:00:00]} Nf6 {[%emt 0:00:00]} 2. c4 {[%emt 0:00:00]} g6 {[%emt 0:00:22]} 3. Nc3 {[%emt 0:00:00]} Bg7 {[%emt 0:00:05]} 4. e4 {[%emt 0:00:13]} d6 {[%emt 0:00:05]} 5. Nf3 {[%emt 0:00:18]} O-O {[%emt 0:00:31]} 6. Be2 {[%emt 0:00:11]} Nc6 {[%emt 0:01:00]} 7. O-O {[%emt 0:00:58]} e5 {[%emt 0:00:06]} 8. d5 {[%emt 0:00:33]} Ne7 {[%emt 0:00:51]} 9. b4 {[%emt 0:00:30]} Nh5 {[%emt 0:00:30]} 10. g3 {[%emt 0:01:19]} f5 11. Ng5 Nf6 12. Bf3 {[%emt 0:00:29]} fxe4 {[%emt 0:01:34]} 13. Ngxe4 {[%emt 0:03:45]} Nxe4 {[%emt 0:11:53]} 14. Nxe4 {[%emt 0:09:06]} Nf5 15. Bg5 Qe8 16. Rc1 a5 17. a3 axb4 18. axb4 Qa4 19. Ra1 Qxd1 20. Rfxd1 Bd7 21. Bg2 h6 22. Rxa8 Rxa8 23. Bd2 Nd4 24. h3 {[%emt 0:00:00]} Kf7 {[%emt 0:10:14]} 25. g4 {[%emt 1:58:46]} Ra2 26. b5 {[%emt 0:00:00]} b6 {[%emt 0:54:52]} 27. Kh2 {[%emt 0:27:46]} Ra4 28. Bf1 Ke7 29. Bd3 Nf3+ 30. Kg2 Nxd2 {[%emt 0:12:16]} 1/2-1/2